[Event "46th Capablanca Memorial Open B"]
[Site "Havana CUB"]
[Date "2011.05.17"]
[Round "6.11"]
[White "Agra Caballero, Ariel"]
[Black "Gonzalez Gomez, Ronier"]
[Result "1/2-1/2"]
[WhiteElo "2229"]
[BlackElo "2196"]
[WhiteFideId "3503577"]
[BlackFideId "3503763"]
[EventDate "2011.05.11"]

1. d4 d5 2. c4 e6 3. Nf3 c5 4. cxd5 exd5 5. Nc3 Nc6 6. g3 Nf6 7. Bg2 Be7 8. O-O
O-O 9. Bg5 cxd4 10. Nxd4 h6 11. Bxf6 Bxf6 12. Nb3 d4 13. Nd5 Re8 14. Rc1 Be5 15.
Nc5 Rb8 16. Qc2 Bd6 17. Rfe1 Bf8 18. Nf4 Nb4 19. Qb3 b6 20. Qxb4 Bf5 21. Qc4
bxc5 22. b3 Bd6 23. Nd3 Rc8 24. Bd5 Qf6 25. Qa6 Rc7 26. a3 Bxd3 27. exd3 Rxe1+
28. Rxe1 Re7 29. Rxe7 Qxe7 1/2-1/2

[Event "46th Capablanca Memorial Open B"]
[Site "Havana CUB"]
[Date "2011.05.17"]
[Round "6.12"]
[White "Perez Mederos, Raul"]
[Black "Cruz de la Osa, Reyder"]
[Result "1/2-1/2"]
[WhiteElo "2186"]
[BlackElo "2226"]
[WhiteFideId "3503470"]
[BlackFideId "3508935"]
[EventDate "2011.05.11"]

1. e4 e6 2. d3 d5 3. Nd2 Nf6 4. Ngf3 Bc5 5. e5 Nfd7 6. d4 Be7 7. Bd3 c5 8. c3
Nc6 9. O-O Qb6 10. dxc5 Qc7 11. Nb3 Ndxe5 12. Nxe5 Qxe5 13. Re1 Qf6 14. Be3 a6
15. f4 Bd7 16. Qf3 h6 17. Qg3 O-O-O 18. Nd2 g5 19. fxg5 hxg5 20. Nf3 Rdg8 21.
Bd4 Nxd4 22. cxd4 Qf4 23. Qxf4 gxf4 24. Rf1 f6 25. b4 Rh5 26. Rae1 Bd8 27. Re2
Bc7 28. Rfe1 Rg7 29. a3 Re7 30. Bg6 Rh6 31. Bd3 Rh5 1/2-1/2

[Event "46th Capablanca Memorial Open B"]
[Site "Havana CUB"]
[Date "2011.05.17"]
[Round "6.13"]
[White "Jodar Arias, Marlon"]
[Black "Macias Velazquez, Marlies"]
[Result "1/2-1/2"]
[WhiteElo "2174"]
[BlackElo "2214"]
[WhiteFideId "3505499"]
[BlackFideId "3507793"]
[EventDate "2011.05.11"]

1. e4 e5 2. Nf3 Nc6 3. Bb5 a6 4. Ba4 Nf6 5. O-O Be7 6. Re1 b5 7. Bb3 d6 8. c3
O-O 9. d4 Bg4 10. d5 Na5 11. Bc2 Qc8 12. h3 Bd7 13. Nbd2 c6 14. dxc6 Qxc6 15.
Nf1 Rfe8 16. Ng3 h6 17. b3 Qxc3 18. Bd2 Qc7 19. Nh4 Nc6 20. Nhf5 Nd4 21. Nxd4
exd4 22. Rc1 Qb6 23. Qf3 Rac8 24. Qd3 Bf8 25. Qf3 Rc7 26. Bd3 Rxc1 27. Rxc1 Be7
28. Nf5 Bxf5 29. Qxf5 Qb7 30. a4 g6 31. Qf4 Nd7 32. Qxh6 Nc5 33. Bc2 Bf8 34. Qf4
d3 35. Bd1 bxa4 36. bxa4 Qxe4 37. Bf3 Qxf4 38. Bxf4 Re6 39. Be3 1/2-1/2

[Event "46th Capablanca Memorial Open B"]
[Site "Havana CUB"]
[Date "2011.05.17"]
[Round "6.14"]
[White "Pinero, Carlos"]
[Black "Borges Del Pino, Oliver"]
[Result "1/2-1/2"]
[WhiteElo "2027"]
[BlackElo "2209"]
[WhiteFideId "3901726"]
[BlackFideId "3505022"]
[EventDate "2011.05.11"]

1. e4 c5 2. Nc3 Nc6 3. f4 g6 4. Bb5 Nd4 5. Nf3 Bg7 6. O-O a6 7. Bd3 d6 8. Nxd4
Bxd4+ 9. Kh1 b5 10. Ne2 Bg7 11. c3 d5 12. Bc2 Bb7 13. e5 d4 14. cxd4 cxd4 15. d3
h5 16. Bb3 Nh6 17. Qe1 h4 18. Qxh4 Qd7 19. Qg3 Nf5 20. Qf2 Nh4 21. Rg1 Qh3 22.
Qg3 Nf5 23. Qxh3 Rxh3 24. Rf1 Rc8 25. Kg1 Rxd3 26. Rd1 Rxd1+ 27. Bxd1 Rd8 28.
Bd2 f6 29. Ba5 Rd7 30. Bb3 fxe5 31. fxe5 Bxe5 32. Be6 Rd6 33. Bxf5 gxf5 34. Bc7
Rd5 35. Bxe5 Rxe5 36. Nxd4 Rd5 37. Nb3 e5 38. Rc1 Rd6 39. Rc5 Bd5 40. Nc1 Ke7
41. a3 Ke6 42. Nd3 Kf6 43. g3 e4 44. Nf4 Bc4 45. h4 Bf7 1/2-1/2

[Event "46th Capablanca Memorial Open B"]
[Site "Havana CUB"]
[Date "2011.05.17"]
[Round "6.15"]
[White "Hernandez Hernandez, Yasmani"]
[Black "Ramos Pineiro, Alexis"]
[Result "0-1"]
[BlackTitle "FM"]
[WhiteElo "2158"]
[BlackElo "2280"]
[WhiteFideId "3503623"]
[BlackFideId "3503135"]
[EventDate "2011.05.11"]

1. e4 c5 2. c3 d5 3. exd5 Qxd5 4. d4 g6 5. Nf3 Bg7 6. Be2 cxd4 7. cxd4 Nh6 8.
Nc3 Qd8 9. Qb3 Nf5 10. d5 O-O 11. O-O Nd7 12. Ne4 Nb6 13. Rd1 Nd6 14. Nxd6 Qxd6
15. Be3 Rd8 16. Rac1 Bd7 17. Bc5 Qf4 18. g3 Qe4 19. Qd3 Qxd3 20. Rxd3 Bb5 21.
Re3 Bxe2 22. Rxe2 Nxd5 23. Bxe7 Re8 24. Rce1 Rac8 25. Ba3 Rxe2 26. Rxe2 b5 27.
Rd2 Nb6 28. b3 Bc3 29. Re2 Rd8 30. Kg2 b4 31. Bc1 Nd5 32. Bh6 Bf6 33. Bg5 Kg7
34. Re4 a5 35. Rc4 Nc3 36. Bxf6+ Kxf6 37. a3 Nd5 38. a4 Ne7 39. Rc5 Rd3 40. Rxa5
Rxb3 41. Rb5 Nf5 42. a5 Rb2 43. Rb6+ Kg7 44. Ne5 Ne3+ 45. Kf3 Nd1 46. Nd3 Rb3
47. Ke2 Nc3+ 48. Kd2 Ne4+ 49. Ke2 Nc3+ 50. Kd2 Na2 51. a6 Ra3 52. Nxb4 Nxb4 53.
Rxb4 Rxa6 54. Rb5 Re6 55. Rb3 g5 56. Re3 Rh6 57. Re5 Kf6 58. Ra5 Rxh2 59. Ke3 h5
60. Kf3 Kg6 0-1

[Event "46th Capablanca Memorial Open B"]
[Site "Havana CUB"]
[Date "2011.05.17"]
[Round "6.16"]
[White "Charon Mustelier, Manuel"]
[Black "Espinosa, Rafael"]
[Result "1/2-1/2"]
[WhiteElo "2167"]
[BlackElo "2251"]
[WhiteFideId "3502023"]
[BlackFideId "3502627"]
[EventDate "2011.05.11"]

1. c4 Nf6 2. Nc3 e5 3. Nf3 Nc6 4. g3 d6 5. Bg2 Be7 6. O-O O-O 7. d3 h6 8. Rb1 a5
9. a3 Be6 10. b4 axb4 11. axb4 e4 12. dxe4 Bxc4 13. b5 Na5 14. Nd4 Nd7 15. Nd5
Bxd5 16. exd5 Bf6 17. Nf5 Nc5 18. Qc2 b6 19. Rb4 Nab7 20. Rg4 Kh8 21. Bb2 Rg8
22. h4 Ra2 23. Bxf6 Rxc2 24. Bxd8 Nxd8 25. Bf3 Rb2 26. Nd4 Kh7 27. Rf4 Rb4 28.
Ra1 Na4 29. e3 Rf8 30. g4 Kg8 31. g5 hxg5 32. hxg5 Re8 33. Kg2 1/2-1/2

[Event "46th Capablanca Memorial Open B"]
[Site "Havana CUB"]
[Date "2011.05.17"]
[Round "6.17"]
[White "Hernandez Carmenate, Holman"]
[Black "Salgado Segui, Roberto"]
[Result "1-0"]
[WhiteElo "2152"]
[BlackElo "2243"]
[WhiteFideId "3510069"]
[BlackFideId "3511782"]
[EventDate "2011.05.11"]

1. d4 Nf6 2. Nf3 g6 3. c4 Bg7 4. Nc3 O-O 5. e4 d6 6. Be2 c5 7. O-O Bg4 8. d5 e6
9. dxe6 fxe6 10. e5 Ne8 11. exd6 Nxd6 12. Ng5 Bxe2 13. Qxe2 Re8 14. Rd1 Nc6 15.
Qg4 Nd4 16. Rd3 Nxc4 17. Qh3 h6 18. Nge4 Ne5 19. Rd1 Nf7 20. Nxc5 Rc8 21. N5e4
Qa5 22. Rd3 Rcd8 23. Kh1 Ne5 24. Rd1 Nc2 25. Rxd8 Rxd8 26. Qxe6+ Kh8 27. b4 Qxb4
28. Bxh6 Bxh6 29. Qxe5+ Bg7 30. Qg5 Rd4 31. Rc1 Rd3 32. Qxg6 Bxc3 33. Ng5 Qe7
34. Nf7+ Qxf7 35. Qxf7 Bb2 36. Qh5+ 1-0

[Event "46th Capablanca Memorial Open B"]
[Site "Havana CUB"]
[Date "2011.05.17"]
[Round "6.18"]
[White "Gomez Torres, Richard Daniel"]
[Black "Gutierrez Delgado, Yusuan Alfred"]
[Result "0-1"]
[BlackTitle "FM"]
[WhiteElo "2151"]
[BlackElo "2242"]
[WhiteFideId "3518396"]
[BlackFideId "3508005"]
[EventDate "2011.05.11"]

1. e4 c5 2. Nf3 d6 3. d4 cxd4 4. Nxd4 Nf6 5. Nc3 g6 6. Bc4 Bg7 7. Bb3 O-O 8. O-O
Nc6 9. Nf3 Na5 10. h3 b6 11. Bg5 Nxb3 12. axb3 h6 13. Bf4 Bb7 14. Qe2 a6 15.
Rad1 Qc7 16. Rfe1 e5 17. Bh2 b5 18. b4 Rac8 19. Rd2 Qb8 20. Red1 Rxc3 21. bxc3
Nxe4 22. Rd3 Qc7 23. Qe3 f5 24. Nh4 f4 25. Qe1 g5 26. Ng6 Rc8 27. f3 Nxc3 28.
Rxc3 Qxc3 29. Ne7+ Kf8 30. Nxc8 Qxe1+ 31. Rxe1 Bxc8 32. Kf2 d5 33. Rd1 Bb7 34.
g3 Ke7 35. gxf4 gxf4 36. Rg1 Kf7 37. Ke2 d4 38. c3 dxc3 39. Rc1 Bd5 40. Rxc3
Bc4+ 41. Kf2 e4 42. Rc1 e3+ 43. Kg2 Be5 44. Bg1 Ke6 45. Rb1 Bc3 46. Kh2 Ke5 47.
h4 h5 48. Kg2 Bd3 49. Rb3 Kd4 50. Ra3 Kc4 51. Rxa6 e2 52. Bf2 e1=Q 53. Bxe1 Bxe1
54. Rf6 Kxb4 55. Rxf4+ Kc3 56. Rf6 b4 57. Rc6+ Bc4 0-1

[Event "46th Capablanca Memorial Open B"]
[Site "Havana CUB"]
[Date "2011.05.17"]
[Round "6.19"]
[White "Infante Machin, Brian Jose"]
[Black "Fonte Sanchez, Paula"]
[Result "0-1"]
[WhiteElo "2205"]
[BlackElo "2012"]
[WhiteFideId "3512134"]
[BlackFideId "3509729"]
[EventDate "2011.05.11"]

1. Nf3 d5 2. d4 c6 3. Bf4 Nf6 4. e3 Bf5 5. c4 e6 6. Qb3 Qb6 7. c5 Qxb3 8. axb3
Nbd7 9. Nc3 Be7 10. h3 h6 11. b4 O-O 12. b5 Nb8 13. b4 a6 14. Be2 Ne4 15. Nxe4
Bxe4 16. O-O cxb5 17. Bxb5 Nc6 18. Bxc6 bxc6 19. Ne5 Rfc8 20. Ra3 Ra7 21. Rfa1
f6 22. Nxc6 Rxc6 23. b5 Rc8 24. b6 Rb7 25. Rxa6 e5 26. Ra7 Rxa7 27. Rxa7 Bxc5
28. b7 Rb8 29. dxc5 d4 30. Bg3 d3 31. Kf1 Bxb7 32. f3 Bxf3 33. Ra2 Be2+ 34. Kf2
Rc8 35. e4 Rxc5 36. Ke3 Rc2 37. Ra8+ Kh7 38. Be1 Bf1 39. Rd8 0-1

[Event "46th Capablanca Memorial Open B"]
[Site "Havana CUB"]
[Date "2011.05.17"]
[Round "6.21"]
[White "Chacon Pavon, Joel"]
[Black "Leon Valdes, Jony Wilson"]
[Result "1/2-1/2"]
[WhiteElo "2049"]
[BlackElo "2199"]
[WhiteFideId "3504964"]
[BlackFideId "3506177"]
[EventDate "2011.05.11"]

1. d4 e6 2. c4 f5 3. g3 Nf6 4. Bg2 d5 5. Nh3 c6 6. O-O Be7 7. b3 O-O 8. Ba3 b5
9. Bxe7 Qxe7 10. cxb5 cxb5 11. Nc3 Bd7 12. Nf4 Kh8 13. Rc1 Na6 14. Nd3 Rfc8 15.
Qd2 b4 16. Nb1 Bb5 17. Ne5 Qb7 18. Qe3 Qb6 19. Nd2 Kg8 20. h3 Qd6 21. g4 Bd7 22.
g5 Ne8 23. h4 Rxc1 24. Rxc1 Rc8 25. Ndf3 Rc7 26. Bf1 Bb5 27. h5 Nb8 28. Rc5 a6
29. g6 h6 30. Nf7 Qe7 31. N3e5 Nf6 32. Bg2 Rxc5 33. dxc5 Nbd7 34. Nxd7 Qxd7 35.
Bf3 Ne8 36. Qf4 a5 37. Qb8 1/2-1/2

[Event "46th Capablanca Memorial Open B"]
[Site "Havana CUB"]
[Date "2011.05.17"]
[Round "6.22"]
[White "Cierna Rodriguez, Alain"]
[Black "Marzo Arias, Valentin"]
[Result "1/2-1/2"]
[WhiteElo "2068"]
[BlackElo "2183"]
[WhiteFideId "3514250"]
[BlackFideId "3506916"]
[EventDate "2011.05.11"]

1. e4 Nf6 2. e5 Nd5 3. d4 d6 4. c4 Nb6 5. exd6 exd6 6. Nc3 Be7 7. h3 O-O 8. Nf3
Re8 9. Be2 Nc6 10. O-O Bf5 11. Be3 Bf6 12. Qd2 1/2-1/2

[Event "46th Capablanca Memorial Open B"]
[Site "Havana CUB"]
[Date "2011.05.17"]
[Round "6.23"]
[White "Fernandez Guillen, Ernesto J."]
[Black "Lopez Gonzalez, Abel Fabian"]
[Result "1-0"]
[WhiteElo "2149"]
[BlackElo "2049"]
[WhiteFideId "3512428"]
[BlackFideId "3512673"]
[EventDate "2011.05.11"]

1. g3 Nf6 2. Bg2 g6 3. e4 d6 4. Ne2 Bg7 5. d4 O-O 6. f4 e5 7. c3 Re8 8. Qc2 Qe7
9. O-O exd4 10. Nxd4 Nxe4 11. Re1 d5 12. Nd2 Bxd4+ 13. cxd4 Qb4 14. Bxe4 Qxd4+
15. Kg2 Bf5 16. Bxf5 Rxe1 17. Nf3 Qd1 18. Nxe1 Qxe1 19. Bd3 Nc6 20. Qf2 Re8 21.
Qxe1 Rxe1 22. Kf2 Rh1 23. Bf1 Rxh2+ 24. Bg2 Nb4 25. g4 Nc2 26. Rb1 1-0

[Event "46th Capablanca Memorial Open B"]
[Site "Havana CUB"]
[Date "2011.05.17"]
[Round "6.24"]
[White "Gomez Sanchez, Jorge Marco"]
[Black "Rey Rodriguez, Yosvani"]
[Result "0-1"]
[WhiteElo "2036"]
[BlackElo "2143"]
[WhiteFideId "3506649"]
[BlackFideId "3514749"]
[EventDate "2011.05.11"]

1. e4 e5 2. Nf3 Nc6 3. Bc4 Nf6 4. d4 d6 5. dxe5 dxe5 6. Qxd8+ Nxd8 7. Nxe5 Nxe4
8. O-O Bc5 9. Nd3 Be7 10. Re1 Nd6 11. Bb3 Be6 12. Nf4 Bxb3 13. axb3 Kd7 14. Nd5
Re8 15. Nbc3 Nc6 16. Nxe7 Rxe7 17. Rxe7+ Nxe7 18. Bf4 Ng6 19. Be3 a6 20. Nd5 Kc6
21. Nb4+ Kd7 22. Nd5 Nf5 23. Rd1 Nxe3 24. fxe3 Kc6 25. Nb4+ Kb5 26. c3 a5 27.
Rd5+ Kb6 28. Nc2 Re8 29. Na3 Ka6 30. Kf2 Ne5 31. Nc4 Nxc4 32. bxc4 Re6 33. b4 b6
34. Rd7 Rf6+ 35. Ke2 Kb7 36. Rd5 c6 37. Rd7+ Ka6 38. Rd8 Rh6 39. h3 Rg6 40. Kf2
Rf6+ 41. Ke2 h5 42. Rb8 Ka7 43. Rf8 g5 44. Re8 g4 45. hxg4 hxg4 46. bxa5 bxa5
47. Rg8 Kb6 48. Kd3 Rd6+ 49. Kc2 f5 50. Rf8 Re6 51. Kd3 Re5 52. Kd4 Re7 53. Kd3
a4 54. Rxf5 a3 55. Rf2 Rd7+ 56. Kc2 Kc5 57. Kb3 Rb7+ 58. Kxa3 Kxc4 59. Rf4+ Kxc3
60. Rxg4 c5 61. Ka2 c4 62. Re4 Rb2+ 63. Ka1 Rxg2 64. Re8 Kc2 65. e4 Rg7 66. Ra8
Re7 67. Ra2+ Kc3 68. Ra3+ Kd2 69. Ra2+ Kd3 70. Ra3+ c3 71. Ra8 Rxe4 72. Kb1 c2+
73. Kb2 Rb4+ 74. Ka2 c1=Q 0-1

[Event "46th Capablanca Memorial Open B"]
[Site "Havana CUB"]
[Date "2011.05.17"]
[Round "6.26"]
[White "Romero, Jaime"]
[Black "Vargas Rodriguez, Wilver"]
[Result "0-1"]
[WhiteElo "2034"]
[BlackElo "2133"]
[WhiteFideId "3902498"]
[BlackFideId "3509672"]
[EventDate "2011.05.11"]

1. e4 e6 2. d4 d5 3. exd5 exd5 4. Bd3 Bd6 5. Nc3 Ne7 6. Nge2 Nbc6 7. Be3 Nb4 8.
Bf4 Nxd3+ 9. Qxd3 c6 10. O-O-O Bxf4+ 11. Nxf4 Bf5 12. Qe2 Qd6 13. Nd3 O-O 14. g4
Bxd3 15. Rxd3 Ng6 16. Re3 Qf4 17. Rd1 f5 18. gxf5 Rxf5 19. f3 Re8 20. Re1 Rh5
21. Qd2 Rxe3 22. Rxe3 Rxh2 23. Re8+ Kf7 24. Qxf4+ Nxf4 25. Rb8 b5 26. Rc8 b4 27.
Nd1 Ne2+ 28. Kd2 Nxd4+ 29. Kd3 Nxf3 30. Ke3 Ne5 31. Kf4 Ng6+ 32. Kf3 Rxc2 0-1

[Event "46th Capablanca Memorial Open B"]
[Site "Havana CUB"]
[Date "2011.05.17"]
[Round "6.27"]
[White "Ajete Alberdi, Jose Serafin"]
[Black "Fernandez Mayola, Reynold Rafael"]
[Result "1/2-1/2"]
[WhiteElo "2008"]
[BlackElo "2131"]
[WhiteFideId "3505731"]
[BlackFideId "3506100"]
[EventDate "2011.05.11"]

1. Nc3 c5 2. Nf3 Nc6 3. Ne4 e6 4. c4 d5 5. Ng3 d4 6. d3 h6 7. e4 Nf6 8. Be2 Bd6
9. O-O Qc7 10. Bd2 O-O 11. Qc1 Kh7 12. Bd1 Bxg3 13. hxg3 e5 14. Nh2 a6 15. f4
Rb8 16. fxe5 Ng8 17. Nf3 Be6 18. Kf2 Rbe8 19. Rh1 Nxe5 20. Nxe5 Qxe5 21. Bf4 Qf6
22. Bf3 Ne7 23. e5 Qg6 24. Qd2 Bf5 25. Rh5 Bxd3 26. Rah1 Ng8 27. Bxh6 gxh6 28.
Rg5 b5 29. Rxg6 Bxg6 30. cxb5 axb5 31. Bc6 Rxe5 32. Bxb5 Rb8 33. a4 Rf5+ 34. Kg1
Rb6 35. Bd3 Re5 36. a5 Rb4 37. a6 Re3 38. Be2 Nf6 39. Kh2 Ne4 40. Qxb4 cxb4 41.
a7 Rxe2 42. a8=Q d3 43. Rc1 d2 44. Rc8 1/2-1/2

[Event "46th Capablanca Memorial Open B"]
[Site "Havana CUB"]
[Date "2011.05.17"]
[Round "6.28"]
[White "Reyes Betancourt,  Ahmed"]
[Black "Salazar Loor, Sara"]
[Result "0-1"]
[WhiteElo "2128"]
[BlackElo "2002"]
[WhiteFideId "3509168"]
[BlackFideId "3604292"]
[EventDate "2011.05.11"]

1. e4 c5 2. Nf3 Nc6 3. d4 cxd4 4. Nxd4 Nf6 5. Nc3 d6 6. Bc4 e6 7. Be3 a6 8. Bb3
Qc7 9. Qe2 Be7 10. O-O-O O-O 11. g4 Na5 12. g5 Nxb3+ 13. axb3 Nd7 14. Rhg1 b5
15. Rg3 Re8 16. Nf5 exf5 17. Nd5 Qd8 18. Bd4 Bxg5+ 19. f4 Bf6 20. Qg2 g6 21.
Nxf6+ Nxf6 22. e5 Ne4 23. Rh3 dxe5 24. Bxe5 Qa5 25. c3 f6 26. Bxf6 Be6 0-1

[Event "46th Capablanca Memorial Open B"]
[Site "Havana CUB"]
[Date "2011.05.17"]
[Round "6.29"]
[White "Mencos, Claudia"]
[Black "Munos, Rolando"]
[Result "0-1"]
[WhiteTitle "WIM"]
[WhiteElo "1972"]
[BlackElo "2108"]
[WhiteFideId "7300573"]
[BlackFideId "3505405"]
[EventDate "2011.05.11"]

1. e4 c5 2. Nf3 d6 3. d4 cxd4 4. Nxd4 Nf6 5. Nc3 a6 6. Be2 g6 7. O-O Bg7 8. Bg5
O-O 9. Qd2 Nc6 10. Nb3 b5 11. a3 Be6 12. Rfe1 Rc8 13. Bh6 Bxh6 14. Qxh6 Ne5 15.
Nd4 Qb6 16. Nxe6 fxe6 17. Qh3 d5 18. Qg3 Nf7 19. Bd3 d4 20. Ne2 e5 21. Kh1 Nh5
22. Qh4 Qd6 23. Rad1 Kg7 24. c3 dxc3 25. Nxc3 Qf6 26. Qxf6+ Nxf6 27. Kg1 Rfd8 0-1

[Event "46th Capablanca Memorial Open B"]
[Site "Havana CUB"]
[Date "2011.05.17"]
[Round "6.31"]
[White "Chacon Beltran, Jose Antonio"]
[Black "Alarcon Vazquez, Lietis"]
[Result "1-0"]
[WhiteElo "2085"]
[BlackElo "2000"]
[WhiteFideId "3501990"]
[BlackFideId "3513300"]
[EventDate "2011.05.11"]

1. d4 Nf6 2. c4 d6 3. Nf3 Nbd7 4. Nc3 e5 5. Bg5 Be7 6. e3 O-O 7. Qc2 c6 8. Rd1
Qc7 9. Bd3 Re8 10. O-O Nf8 11. dxe5 dxe5 12. Bxf6 Bxf6 13. Ne4 Qe7 14. Rd2 Be6
15. Rfd1 Ng6 16. Qc3 Red8 17. h3 a6 18. Qa5 Kh8 19. Qb6 Nf8 20. b3 Rab8 21. Bc2
Rxd2 22. Rxd2 Nd7 23. Qa7 Qd8 24. c5 Qc7 25. Nd6 Be7 26. Nxf7+ Kg8 27. N7g5 Bd5
28. Bxh7+ Kh8 29. b4 Qc8 30. Bf5 Bxg5 31. Nxg5 Ra8 32. Bxd7 Qd8 33. Rxd5 Rxa7
34. Nf7+ Kg8 35. Nxd8 1-0

[Event "46th Capablanca Memorial Open B"]
[Site "Havana CUB"]
[Date "2011.05.17"]
[Round "6.32"]
[White "Ibanez Milian, Dagoberto"]
[Black "Palsson, Halldor Peter"]
[Result "1-0"]
[WhiteTitle "FM"]
[WhiteElo "2205"]
[BlackElo "2032"]
[WhiteFideId "3500675"]
[BlackFideId "2603136"]
[EventDate "2011.05.11"]

1. d4 d5 2. Nf3 e6 3. c4 c6 4. e3 Nf6 5. Bd3 Nbd7 6. Nc3 dxc4 7. Bxc4 b5 8. Bd3
b4 9. Na4 Be7 10. O-O Bb7 11. Bd2 O-O 12. Rc1 h6 13. Qe2 Qa5 14. b3 c5 15. a3
cxd4 16. exd4 Rac8 17. Ra1 Rfd8 18. axb4 Bxb4 19. Nc5 Qb6 20. Nxb7 Bxd2 21. Nxd8
Bc3 22. Rfc1 Qxd8 23. Rxa7 Qb6 24. Qa2 Nf8 25. Ra6 Qb8 26. Bc4 Bb4 27. Ra1 Bc3
28. Ra8 Qc7 29. Rxc8 Qxc8 30. Qa8 Qd7 31. Rd1 Qd6 32. h3 Bb4 33. Ne5 Bc5 34. Qc6
Qxc6 35. Nxc6 Bd6 36. Ra1 N8d7 37. Ra8+ Kh7 38. Rd8 1-0

[Event "46th Capablanca Memorial Open B"]
[Site "Havana CUB"]
[Date "2011.05.17"]
[Round "6.34"]
[White "Alvarez Leyva, Harold"]
[Black "Perez Torres, Youset"]
[Result "1-0"]
[WhiteElo "2131"]
[BlackElo "2013"]
[WhiteFideId "3509893"]
[BlackFideId "3506215"]
[EventDate "2011.05.11"]

1. e4 e5 2. Nf3 Nc6 3. Bb5 a6 4. Ba4 Nf6 5. d4 exd4 6. O-O Be7 7. e5 Nd5 8. Nxd4
Nb6 9. Bb3 Nxd4 10. Qxd4 O-O 11. Bf4 d5 12. exd6 cxd6 13. c3 d5 14. Nd2 Be6 15.
Rad1 Nc4 16. Nxc4 dxc4 17. Bxc4 Qxd4 18. Rxd4 Bf6 19. Re4 Bf5 20. Re3 Rad8 21.
Rfe1 h5 22. h3 Rd7 23. Bb3 b5 24. Re8 b4 25. Ba4 Rd8 26. Rxf8+ Kxf8 27. Bd6+ Kg8
28. Bxb4 Rd2 29. Ba3 Bh4 30. g3 Bd8 31. Rd1 1-0

[Event "46th Capablanca Memorial Open B"]
[Site "Havana CUB"]
[Date "2011.05.17"]
[Round "6.35"]
[White "Campos Jimenez, Augusto Cesar"]
[Black "Fernandez Rodriguez, Angel Luis"]
[Result "0-1"]
[WhiteElo "1996"]
[BlackElo "2116"]
[WhiteFideId "3517160"]
[BlackFideId "3503453"]
[EventDate "2011.05.11"]

1. e4 c5 2. Nf3 a6 3. c3 d5 4. exd5 Qxd5 5. d4 Nf6 6. Be2 e6 7. O-O cxd4 8. cxd4
Be7 9. Nc3 Qd6 10. Be3 O-O 11. Qb3 Nc6 12. Rfd1 Nb4 13. Bg5 Nbd5 14. Ne5 b5 15.
Bf3 Bb7 16. Bh4 Rfd8 17. Bg3 Qb4 18. Qxb4 Bxb4 19. Nxd5 Nxd5 20. Nd3 Be7 21. Nc5
Bc6 22. Rac1 Rdc8 23. a3 Bg5 24. Rc2 b4 25. axb4 Ba4 26. Bxd5 exd5 27. Rcc1 Bxc1
28. Rxc1 0-1

[Event "46th Capablanca Memorial Open B"]
[Site "Havana CUB"]
[Date "2011.05.17"]
[Round "6.36"]
[White "Marquez Torres, Oscar Luis"]
[Black "Oliva Meneses, Juan Carlos"]
[Result "1-0"]
[WhiteElo "2110"]
[BlackElo "1996"]
[WhiteFideId "3512819"]
[BlackFideId "3514374"]
[EventDate "2011.05.11"]

1. Nf3 Nf6 2. d4 d6 3. g3 c5 4. Bg2 g6 5. O-O Nbd7 6. c4 Bg7 7. Nc3 O-O 8. h3 e5
9. dxe5 dxe5 10. e4 Qe7 11. Bg5 Qe6 12. Qe2 h6 13. Be3 Ne8 14. Nd2 Kh7 15. Nb3
b6 16. a4 Bb7 17. a5 Nc7 18. Rfd1 Nb8 19. f4 Nba6 20. Rd2 Nb4 21. Rad1 Ba6 22.
Bf1 Ne8 23. f5 gxf5 24. exf5 Qc8 25. Bg2 Rb8 26. Rd7 Bb7 27. Rd8 1-0

[Event "46th Capablanca Memorial Open B"]
[Site "Havana CUB"]
[Date "2011.05.17"]
[Round "6.37"]
[White "Montilla, Jorcerys"]
[Black "Mercantete Rodriguez, Edilberto"]
[Result "1-0"]
[WhiteElo "1986"]
[BlackElo "2101"]
[WhiteFideId "3900517"]
[BlackFideId "3503755"]
[EventDate "2011.05.11"]

1. d4 Nf6 2. c4 c5 3. d5 b5 4. cxb5 a6 5. Nc3 axb5 6. Nxb5 d6 7. Nc3 g6 8. e4
Bg7 9. a4 O-O 10. Bb5 Ba6 11. Bd2 Nbd7 12. f4 Qb6 13. Nf3 Bxb5 14. axb5 c4 15.
h3 Nc5 16. Be3 Nfd7 17. O-O Qc7 18. Rxa8 Rxa8 19. Bd4 Nd3 20. Bxg7 Kxg7 21. Qd2
N7c5 22. Rb1 Qb6 23. Qe3 Nxf4 24. Kh2 Nfd3 25. Qd4+ f6 26. Qxc4 Nf4 27. Nd4 Qc7
28. Nc6 Qb7 29. b4 Nd7 30. Na5 Qa7 31. Rf1 Ne5 32. Qb3 Qe3 33. b6 h5 34. b7 Rb8
35. Nd1 Qd2 36. Rf2 Qc1 37. Qc2 Qa3 38. Rxf4 h4 39. Qc3 Qa4 40. Nb2 Qe8 41. Qc7
g5 42. Rf5 g4 43. Rxe5 g3+ 44. Kg1 fxe5 45. Nc6 1-0

[Event "46th Capablanca Memorial Open B"]
[Site "Havana CUB"]
[Date "2011.05.17"]
[Round "6.38"]
[White "Lopez Rippel, Ricardo"]
[Black "Bueno Gauna, Christian Alejandro"]
[Result "1-0"]
[WhiteElo "2062"]
[BlackElo "1983"]
[WhiteFideId "3514617"]
[BlackFideId "3509958"]
[EventDate "2011.05.11"]

1. e4 c5 2. Nf3 d6 3. d4 cxd4 4. Nxd4 Nf6 5. Nc3 a6 6. Bg5 e6 7. Bc4 Be7 8. Qe2
O-O 9. Bd3 Nc6 10. Nxc6 bxc6 11. e5 dxe5 12. O-O Nd5 13. Bxe7 Qxe7 14. Qe4 Nf6
15. Qxe5 Bb7 16. Rfe1 c5 17. Re3 c4 18. Be2 Rac8 19. Rd1 Rc5 20. Qd4 Rg5 21. Rg3
Rxg3 22. hxg3 Nd5 23. Bxc4 Nxc3 24. Qxc3 Qc7 25. Qd4 Qc6 26. f3 h6 27. b3 Qc7
28. Qd6 Qa5 29. a4 Qg5 30. Kf2 Qf5 31. Rd2 Qa5 32. Qd7 Qb6+ 33. Qd4 Qa5 34. Kg1
Qg5 35. Qf4 Qc5+ 36. Kh2 Qh5+ 37. Qh4 Qa5 38. Rd7 Bc6 39. Rd3 Bb7 40. g4 Qc7+
41. Qg3 e5 42. Kg1 Qe7 43. Qe1 Re8 44. Qd2 Qc5+ 45. Kf1 Bc6 46. Bd5 Bxd5 47.
Rxd5 Qc6 48. Rd6 Qc8 49. Rd7 Qc6 50. Qd5 Qxd5 51. Rxd5 Rc8 52. c4 Rb8 53. Rd3
Kf8 54. Re3 f6 55. Ke2 Ke7 56. Kd2 Ke6 57. Kc3 f5 58. gxf5+ Kxf5 59. b4 1-0